00154 a2200073 45000010005000001000019000052450028000242600028000527092 aJunnarkar, S.B aMechanics of structures abPublication Privatec